000 00408nam a22001697a 4500
999 _c159811
_d159811
005 20190105170315.0
010 _aB-212425
020 _a8186939210
_c295.00
035 _aB-212425
037 _bindiaInk
082 _aN
100 _aMohanty, Sharmistha
245 _aNew life /
_cSharmistha Mohanty
260 _aNew Delhi
_bIndiaInk
_c2005
300 _a292p.
_c22cm(pbk)
942 _2ddc
_cEN
_hN
_mMOH